Jurassic World Chaos theory quiz (season 1) - Statistics

General Stats
  • This quiz has been taken 106 times
  • The average score is 7 of 15
Answer Stats
Hint Answer % Correct
An ankylosaurus Bumpy
92%
The dinosaur that attacked Brooklyn Allosaurus
88%
Kenji's dad Daniel Kon
85%
The year the series is based on is 2022
55%
Whom saved them from the Atrociraptors Mateo
42%
Kenji is a Rock climber
42%
Ghost, Panthera and Tiger
40%
Name of the T-rex Big eatie
38%
DPW stands for Department of Prehistoric Wildlife
35%
The dinosaur that attacks the Dino-free-zone Becklespinax
32%
The name of the dinosaur that the Allosaurus attacks at the start Pachyrhinosaurus
28%
____ is Darius's boss Ronnie
28%
The first episode is called Aftershock
27%
Brooklyn and Daniel Kon were trying to Buy dinosaurs
22%
King _____ Bobby
10%
No matching quizzes found
Score Distribution
Percent of People with Each Score
Percentile by Number Answered
Your Score History
You have not taken this quiz